Kinematics And Dynamics Of Machinery (In SI Units) (Record no. 131078)

MARC details
000 -LEADER
fixed length control field 00444nam a2200169Ia 4500
008 - FIXED-LENGTH DATA ELEMENTS--GENERAL INFORMATION
fixed length control field 230312s9999 xx 000 0 und d
041 ## - LANGUAGE CODE
Language code of text/sound track or separate title eng
082 ## - DEWEY DECIMAL CLASSIFICATION NUMBER
Classification number 621.81
Item number 621.81 NOR
100 ## - MAIN ENTRY--PERSONAL NAME
Personal name Norton R.L.
9 (RLIN) 133855
245 ## - TITLE STATEMENT
Title Kinematics And Dynamics Of Machinery (In SI Units)
260 ## - PUBLICATION, DISTRIBUTION, ETC. (IMPRINT)
Date of publication, distribution, etc. 2009
Name of publisher, distributor, etc. Tata McGraw-Hill
300 ## - PHYSICAL DESCRIPTION
Extent 782
365 ## - TRADE PRICE
Currency code Rs.
Price amount 450.00
710 ## - ADDED ENTRY--CORPORATE NAME
Corporate name or jurisdiction name as entry element Norton R.L.
9 (RLIN) 133856
906 ## - LOCAL DATA ELEMENT F, LDF (RLIN)
b 225

No items available.